000 00316nam a22001457a 4500
008 210507b ||||| |||| 00| 0 eng d
020 _a2900451528819
041 _aeng
080 _a32
082 _a32
100 _a19
101 _aSHP
245 _aThe Federalist Papers
_cCharles R. Kesler
942 _2udc
_cBK
999 _c57128
_d57128